Typy podnikovej kultúry a ich vzťah k efektívnosti podniku dizertačná práca
Uložené v:
| Hlavný autor: | |
|---|---|
| Korporativný autor: | |
| Ďalší autori: | |
| Médium: | Kniha |
| Jazyk: | Slovak |
| Vydavateľské údaje: |
Košice
2003
|
| Predmet: | |
| Tagy: |
Žiadne tagy, Buďte prvý, kto otaguje tento záznam!
|
MARC
| LEADER | 00000nam$a2200000$$$4500 | ||
|---|---|---|---|
| 001 | 0040413 | ||
| 005 | 20240104093403.2 | ||
| 041 | 0 | |a slo | |
| 044 | |a SK | ||
| 245 | 1 | 0 | |a Typy podnikovej kultúry a ich vzťah k efektívnosti podniku |b dizertačná práca |c Alena Bašistová ; školiteľ: Ján Ferjenčík |
| 264 | 1 | |a Košice |c 2003 | |
| 300 | |a 169 s. | ||
| 610 | 2 | 0 | |a kultúra podniková |
| 610 | 2 | 0 | |a filozofia |
| 610 | 2 | 0 | |a efektívnosť ekonomická |
| 610 | 2 | 0 | |a analýza finančná |
| 610 | 2 | 0 | |a ukazovatele rentability |
| 100 | 1 | |a Bašistová, Alena | |
| 700 | 1 | |a Ferjenčík, Ján | |
| 710 | 2 | |a Ekonomická univerzita v Bratislave. Podnikovohospodárska fakulta so sídlom v Košiciach | |